01484cam a22003977a 4500003000500000005001700005008004100022010001000063011001000073020001500083035001000098040000900108082001800117100003600135245012100171260004100292300002300333490003600356590004100392590004100433590004100474590004100515590004200556650003300598650002700631650003300658700003100691700003500722830004100757901000700798905002600805942001000831949009000841999001700931952013800948CHAP20220329142620.0010926d2000 mx r 00110 spa d a85668 a86640 a0792361431 a97179 cCHAP04a581.13342bL400aLeegood, Richard C.eed.96561410aPhotosynthesis :bphysiology and metabolismc/ed. by Richard C. Leegood, Thomas D. Sharkey and Susanne von Caemmerer aDordrecht :bKluwer Academic,c2000. a624 p. ;bgráfs. 0aAdvances in photosynthesisv; 9 aBATCH-UPDb10c20130110lUCH01h0529 aBATCH-UPDb10c20130110lUCH01h2301 aBATCH-UPDb10c20130410lUCH01h0209 aBATCH-UPDb10c20130914lUCH01h1413 aCONVERSIONb10c20130109lUCH01h134814aFisiología vegetal.94113614aFotosíntesis.94273714aPlantasxMetabolismo.98885800aSharkey, Thomas D.910550000aVon Caemmerer, Susanne912066200aAdvances in photosynthesisv; 99995 aBK aAlejandra Carrasco M. cLIBRO a581.13342 L4bBCcLIBROd33724000865358eLIBROh102480i97179kI.212393sot$ 3424.00 c85668d85668 00102ddc4052708GRALaBCbBCcPA_GRALd2019-12-31fLIBROl0o581.13342 L4p33724000865358r2019-12-31 00:00:00w2019-12-31yLIBRO